<?xml version="1.0" encoding="UTF-8"?>
<collection xmlns="http://www.loc.gov/MARC21/slim">
  <record>
    <leader>00000nam  2200000   4500</leader>
    <controlfield tag="001">INLIS000000000020002</controlfield>
    <controlfield tag="005">20250509105051</controlfield>
    <datafield tag="035" ind1="#" ind2="#">
      <subfield code="a">0010-0525000085</subfield>
    </datafield>
    <controlfield tag="007">ta</controlfield>
    <controlfield tag="008">250509################g##########0#ind##</controlfield>
    <datafield tag="020" ind1="#" ind2="#">
      <subfield code="a">979 22 1555 7</subfield>
    </datafield>
    <datafield tag="082" ind1="#" ind2="#">
      <subfield code="a">519.7</subfield>
    </datafield>
    <datafield tag="084" ind1="#" ind2="#">
      <subfield code="a">519.7 ARI k</subfield>
    </datafield>
    <datafield tag="100" ind1=" " ind2="#">
      <subfield code="a">Aritonang R., Lerbin R.</subfield>
    </datafield>
    <datafield tag="245" ind1="1" ind2="#">
      <subfield code="a">Kepuasan Pelanggan :</subfield>
      <subfield code="b">Pengukuran dan Penganalisisan dengan SPSS /</subfield>
      <subfield code="c">Lerbin R. Aritonang R.</subfield>
    </datafield>
    <datafield tag="250" ind1="#" ind2="#">
      <subfield code="a">Cetakan ke 1</subfield>
    </datafield>
    <datafield tag="260" ind1="#" ind2="#">
      <subfield code="a">Jakarta :</subfield>
      <subfield code="b">Gramedia Pustaka Utama,</subfield>
      <subfield code="c">2005</subfield>
    </datafield>
    <datafield tag="300" ind1="#" ind2="#">
      <subfield code="a">153 halaman :</subfield>
      <subfield code="b">ilus ;</subfield>
      <subfield code="c">23 cm</subfield>
    </datafield>
    <datafield tag="650" ind1="#" ind2="4">
      <subfield code="a">Statistika</subfield>
    </datafield>
    <datafield tag="520" ind1="#" ind2="#">
      <subfield code="a">Kepuasan pelanggan selalu topik hangat di kalangan pebisnis, khususnya para pemasar, karena hal itu sangat menentukan tingkat pertumbuhan suatu usaha. Masalahnya jelas, bila pelanggan tidak puas, mereka akan berpaling ke perusahaan lain. Masalahnya tidak berhenti di situ. Mereka cenderung menceritakan kekecewaan mereka kepada sanak saudara dan teman-teman mereka, malah ada yang mengirimkan surat tertulis ke media massa atau ke mailing-list sehingga masalah itu tersebar ke mana-mana dan sulit dihentikan. Akibatnya, nama perusahaan menjadi buruk di mata konsumen dan mereka yang belum mengenal perusahaan itu cenderung untuk tidak "berurusan" dengan perusahaan tersebut.&#13;
Sekalipun sangat penting, banyak perusahaan sangat kesulitan untuk melihat dan mengukur sejauh mana pelanggan mereka tidak puas, kurang puas, puas, atau sangat puas terhadap produk atau jasa yang mereka tawarkan. Hal itu sulit ditentukan karena kepuasan (pelanggan) memang sangat subjektif: tergantung individu, mood ketika membeli, selera yang gampang berubah, dll. Di samping itu, tiap orang pasti mempunyai ekspektasi dan pengalaman yang berbeda terhadap produk atau jasa yang sama.&#13;
Buku ini akan membantu Anda untuk mendudukkan masalah "kepuasan pelanggan" pada tempatnya sehingga Anda bisa melihat dan mengukur tingkat kepuasan pelanggan Anda terhadap seluruh aspek bisnis yang Anda tawarkan.</subfield>
    </datafield>
    <datafield tag="990" ind1="#" ind2="#">
      <subfield code="a">070310273</subfield>
    </datafield>
    <datafield tag="990" ind1="#" ind2="#">
      <subfield code="a">070310275</subfield>
    </datafield>
    <datafield tag="990" ind1="#" ind2="#">
      <subfield code="a">070310276</subfield>
    </datafield>
  </record>
</collection>
